Effective technical writing and speaking (Record no. 29850)

MARC details
000 -LEADER
fixed length control field 00289nam a2200109Ia 4500
082 ## - DEWEY DECIMAL CLASSIFICATION NUMBER
Classification number 651.9
Item number TUR
100 ## - MAIN ENTRY--AUTHOR NAME
Personal name Turner, Barry T
245 #0 - TITLE STATEMENT
Title Effective technical writing and speaking
260 ## - PUBLICATION, DISTRIBUTION, ETC. (IMPRINT)
Place of publication Great Britain
Name of publisher Business
Year of publication 1974
942 ## - ADDED ENTRY ELEMENTS (KOHA)
Koha item type Books
Holdings
Withdrawn status Lost status Damaged status Not for loan Home library Current library Date acquired Cost, normal purchase price Full call number Accession Number Koha item type
        RRII Library RRII Library 16/12/2021 7.50 651.9 TUR 10430 Books